| 000 | 01380nam a2200361 a 4500 | ||
|---|---|---|---|
| 003 | BLK | ||
| 005 | 20240124114244.0 | ||
| 008 | 180412b bul|||||r ||||||| ||bul|| | ||
| 010 | _aKNG00007776000 | ||
| 020 | _a954-548-035-4 | ||
| 040 | _aBLK | ||
| 041 |
_aBUL _cBUL |
||
| 080 |
_aТърговско право _b347.7 _x(075.8) _z347.7(075.8) |
||
| 100 | 1 |
_aЗлатарев, Емил Николов _eпърви автор _9251568 |
|
| 139 |
_aЗлатарев, Емил Николов и др. _bЗ 69 |
||
| 245 | 1 | 0 |
_aТърговско право _bУчебник за ВУЗ : Ч. 1, 3 _cЕмил Николов Златарев; съавт. Веселин Георгиев Христофоров. |
| 257 | _aBGR | ||
| 260 |
_aСофия _bМартилен _c1995 |
||
| 300 |
_a244 с. _c24 см |
||
| 380 | _a3 | ||
| 500 | _a2 000 тир. | ||
| 650 | 4 |
_aТърговско право - учебници за ВУЗ _9251367 |
|
| 653 | _aтърговско право | ||
| 653 | _aучебници за ВУЗ | ||
| 700 | 1 |
_aХристофоров, Веселин Георгиев _eсъавт. _9251569 |
|
| 852 |
_aЦб 179215 _bЦб |
||
| 856 | 4 |
_qpdf _u |
|
| 856 | 4 |
_qpdf _u |
|
| 942 |
_cKNG _n0 _01 |
||
| 944 |
_aCR _c15.01.2003 _lРадостина Карадакова _k30534 |
||
| 944 |
_aED _c17.07.2017 _lф / _kЛюдмила_Стоянова |
||
| 999 |
_c6531 _d6531 |
||
| 999 | _d6531 | ||